LEADER 02234nam 2200433 n 450 001 996393038603316 005 20221108063654.0 035 $a(CKB)1000000000681773 035 $a(EEBO)2240902504 035 $a(UnM)99836022 035 $a(EXLCZ)991000000000681773 100 $a19900822d1637 uy | 101 0 $aeng 135 $aurbn||||a|bb| 200 00$aChristian offices crystall glasse$b[electronic resource] $eIn three bookes. First written in Latine, by that famous and renowned Father, Saint Ambrose Bishop of Millane. Whereunto is added his conuiction of Symmachus the Gentile. A worke tending to the advancement of vertue, and of holinesse: and to shew how much the morality of the Gentiles, is exceeded by the doctrine of Christianity. Translated into English by Richard Humfrey .. 210 $aPrinted at London $c[By John Dawson] for Iohn Dawson, and are to bee sold [by C. Greene] at the signe of the White-Lyon in Paules-Church-yard$d1637 215 $a[66], 126, [2], 127-142, [10], 75, [9], 64, [38]; [20], 41, [1] p., folded table 300 $aTranslation of: De officiis. 300 $aThe leaf after p. 126 is a pasted-in addendum. 300 $aBooks 2 and 3 have separate title pages bearing the imprint: London, printed for Iohn Dawson. 1637. 300 $a"Truths triumph: or, St. Ambrose his conviction of Symmachus a Gentile .. Done into English by the former translator of his Offices" has separate pagination, register, and title page bearing the imprint: London, printed for Iohn Dawson. 1637. 300 $aIncludes indexes. 300 $aPrinter's and bookseller's names from STC. 300 $aReproduction of the original in the Bodleian Library. 330 $aeebo-0014 606 $aClergy$xOffice$vEarly works to 1800 606 $aChristian life$xCatholic authors 615 0$aClergy$xOffice 615 0$aChristian life$xCatholic authors. 700 $aAmbrose$cSaint, Bishop of Milan,$fd. 397.$0438316 701 $aHumfrey$b Richard$01008232 801 0$bCu-RivES 801 1$bCu-RivES 801 2$bCStRLIN 801 2$bWaOLN 906 $aBOOK 912 $a996393038603316 996 $aChristian offices crystall glasse$92411582 997 $aUNISA LEADER 02523 am 2200433 n 450 001 9910522582203321 005 20240129175259.0 010 $a2-36781-299-3 024 7 $a10.4000/books.pulm.16555 035 $a(CKB)4100000012536999 035 $a(FrMaCLE)OB-pulm-16555 035 $a(oapen)https://directory.doabooks.org/handle/20.500.12854/86284 035 $a(PPN)261455249 035 $a(EXLCZ)994100000012536999 100 $a20220211j|||||||| ||| 0 101 0 $afre 135 $auu||||||m|||| 181 $ctxt$2rdacontent 182 $cc$2rdamedia 183 $acr$2rdacarrier 200 10$aApollinaire & Cie $eAnthologie critique /$fPierre Caizergues 210 $aMontpellier $cPresses universitaires de la Méditerranée$d2021 215 $a1 online resource (504 p.) 225 1 $aCollection des littératures 311 $a2-36781-276-4 330 $aProfesseur de littérature française à l?université Paul-Valéry Montpellier 3 durant trois décennies, poète lui-même, Pierre Caizergues a consacré sa vie de chercheur à trois poètes importants de la première moitié du xxe siècle, Apollinaire, Cendrars et Cocteau. Cet ouvrage réunit une sélection des articles qu?il leur a consacrés, ainsi qu?à son ami le poète Jean-Claude Renard. La plupart se lisent comme des enquêtes : porté par l?exigeant souci d?ajouter partout des éclairages révélateurs, un peu plus de lumière, Pierre Caizergues accède à des documents jusqu?alors tenus secrets ou réservés, à des collections particulières, à des archives d?éditeur, il reconstitue des correspondances, des collaborations de presse, en exhume d?inédites. Il y a en lui du détective, en même temps qu?un lecteur attentif aux enjeux de la création, qu?il sait irréductible aux enseignements des documents et de l?Histoire. Cocteau voyait dans le poète un « archéologue qui se fouille ». Remercions Pierre Caizergues d?avoir su nous faire connaître avec plus d?exactitude, à l?occasion de ses propres fouilles critiques, les mondes propres aux poètes qui ont occupé sa vie de chercheur. 606 $aPoetry 606 $apoésie 610 $apoésie 615 4$aPoetry 615 4$apoésie 700 $aCaizergues$b Pierre$0175143 701 $aCaizergues$b Pierre$0175143 701 $aHéron$b Pierre-Marie$01299397 801 0$bFR-FrMaCLE 906 $aBOOK 912 $a9910522582203321 996 $aApollinaire & Cie$93025987 997 $aUNINA